| 000 | 00493nam a2200121Ia 4500 | ||
|---|---|---|---|
| 008 | 220620s9999||||xx |||||||||||||| ||und|| | ||
| 245 | 4 |
_aThe Psychology of Fake News _bAccepting, Sharing, and Correcting Misinformation |
|
| 546 | _aEnglish[eng] | ||
| 650 | _aPsychology||Social, group or collective psychology | ||
| 700 | _aGreifeneder, Rainer||Jaffe, Mariela||Newman, Eryn||Schwarz, Norbert | ||
| 856 | _uhttps://library.oapen.org/bitstream/20.500.12657/46921/1/9781000179033.pdf | ||
| 942 | _cEB | ||
| 999 |
_c23143 _d23143 |
||